000 00409cam a2200181ua 4500
001 3343
008 111019n ii |||gr||||Z||||||asm
040 _cMAIN
082 _a891.4513
100 _aHazarika, Rama,
245 1 1 _aSnah
_cby Rama Hazarika
250 _a1st.
260 _aDergaon:
_bSarali Puthighar,961.
300 _a195p:5cm.
653 _aAssamese novel
653 _aNeelambar
942 _cBK
999 _c3188
_d3188